000 00238nmm a2200085Ia 4500
008 220120s9999||||xx |||||||||||||||||und||
100 _aDigit October
245 0 _aOpen source, 111 free apps, 21 free games, stellarium , Linu
260 _c2008
999 _c139214
_d139214